Classement Rugby Pro D2 2023/2024 - Statistiques

Statistiques générales
  • Ce quiz a été pris 130 fois
  • Le résultat moyen est 10 sur 16
Statistiques - réponses
Classement Points Equipes % Correct
2ème 89 Vannes
92%
4ème 79 Grenoble
89%
15ème 51 US Montauban
81%
14ème 53 Biarritz
79%
5ème 77 Dax
78%
3ème 80 Béziers
77%
6ème 76 Brive
77%
8ème 74 Mont de Marsan
72%
1ere 95 Provence Rugby
69%
7ème 75 Nevers
64%
13ème 61 Agen
54%
10ème 64 Colomiers
52%
11ème 62 Angoulême
51%
9ème 64 Aurillac
48%
12ème 62 Valence Romans
40%
16ème 48 Rouen Normandie
17%
Aucun quiz correspondant
Distribution des résultats
% des personnes avec chaque résultat
Percentile par nombre de réponses
Votre historique - résultats
Vous n’avez pas pris ce quiz